Megalakult a Csongrád megyei Bartók Béla-emlékbizottság
Elmentve itt :
| Dokumentumtípus: | Cikk |
|---|---|
| Megjelent: |
1955-08-26
|
| Sorozat: | Délmagyarország
|
| Kulcsszavak: | Bartók Béla, Bartók Béla-emlékbizottság Szeged |
| Online Access: | http://dmarchiv.bibl.u-szeged.hu/52884 |
| LEADER | 00456nab a2200145 i 4500 | ||
|---|---|---|---|
| 001 | delm52884 | ||
| 005 | 20180927141931.0 | ||
| 008 | 180927s1955 hu o 0|| hun d | ||
| 040 | |a SZTE Délmagyarország Archívum |b hun | ||
| 041 | |a hun | ||
| 245 | 0 | 0 | |a Megalakult a Csongrád megyei Bartók Béla-emlékbizottság |h [elektronikus dokumentum] |
| 260 | |c 1955-08-26 | ||
| 300 | |a 3 | ||
| 490 | 0 | |a Délmagyarország | |
| 695 | |a Bartók Béla, Bartók Béla-emlékbizottság Szeged | ||